| 000 | 00515pam a2200193 a 4500 | ||
|---|---|---|---|
| 020 | _c | ||
| 040 | _aMedical College Libr | ||
| 041 |
_aENG _hENG |
||
| 082 |
_a612.015 _bGOL |
||
| 100 | _aGddberg, Stephen . | ||
| 245 |
_aClinical Biochemistry Made Ridiculously Simple / _c _hTextual Documents |
||
| 260 |
_a : _bMcgraw-Hill , _c1993. |
||
| 300 |
_a120 ; _c |
||
| 365 | _a287=00 | ||
| 653 |
_aBiochemistry _aMedical Science |
||
| 930 | _a1616 | ||
| 999 |
_c1615 _d1615 |
||